000 00304nam a22001217a 4500
008 181126b xxu||||| |||| 00| 0 eng d
041 _aeng
080 _a043.3
100 _a0
101 _aBTH-ARK
245 _aHibridizimi si Dizajn Participues: Banim Social, Podujeve
_cAbdullahu, A
942 _2udc
_cBK
999 _c52535
_d52535